Neue topologische Methoden in der algebraischen Geometrie / (Record no. 52263)
[ view plain ]
| 000 -LEADER | |
|---|---|
| fixed length control field | 00756nam a2200229 a 4500 |
| 001 - CONTROL NUMBER | |
| control field | 52263 |
| 003 - CONTROL NUMBER IDENTIFIER | |
| rucl marc code | BD-RjUL |
| 005 - DATE AND TIME OF LATEST TRANSACTION | |
| control field | 20211209075757.0 |
| 008 - FIXED-LENGTH DATA ELEMENTS--GENERAL INFORMATION | |
| fixed length control field | 160907s1962 gw 000 0 ger |
| 035 ## - SYSTEM CONTROL NUMBER | |
| System control number | (BD-RjUL) 52383 |
| 040 ## - CATALOGING SOURCE | |
| Original cataloging agency | BD-RjUL |
| Transcribing agency | DLC |
| Modifying agency | DLC |
| Language of cataloging | eng |
| 041 ## - LANGUAGE CODE | |
| Language code of text/sound track or separate title | eng |
| 082 ## - DEWEY DECIMAL CLASSIFICATION NUMBER | |
| Edition number | 23 |
| Classification number | 516.35 |
| Author mark and year | HIN 1962 |
| 100 1# - MAIN ENTRY--PERSONAL NAME | |
| Personal name | Hirzebruch, Friedrich. |
| 9 (RLIN) | 151295 |
| 245 10 - TITLE STATEMENT | |
| Title | Neue topologische Methoden in der algebraischen Geometrie / |
| Statement of responsibility, etc. | F. Hirzebruch. |
| 260 ## - PUBLICATION, DISTRIBUTION, ETC. (IMPRINT) | |
| Place of publication, distribution, etc. | Berlin : |
| Name of publisher, distributor, etc. | Springer-Verlag, |
| Date of publication, distribution, etc. | 1962. |
| 300 ## - PHYSICAL DESCRIPTION | |
| Pagination | vi, 181 p. ; |
| Size | 24 cm. |
| 490 1# - SERIES STATEMENT | |
| Series statement | Ergebnisse der Mathematik und ihrer Grenzgebiete ; |
| Volume/sequential designation | n.F., Heft 9 |
| 650 ## - SUBJECT ADDED ENTRY--TOPICAL TERM | |
| Topical term or geographic name as entry element | Algebraic topology |
| 9 (RLIN) | 151184 |
| 830 #0 - SERIES ADDED ENTRY--UNIFORM TITLE | |
| Uniform title | Ergebnisse der Mathematik und ihrer Grenzgebiete ; |
| Volume number/sequential designation | 9. |
| 942 ## - ADDED ENTRY ELEMENTS (KOHA) | |
| Source of classification or shelving scheme | Dewey Decimal Classification |
| Koha item type | Books |
| Lost status | Source of classification or shelving scheme | Damaged status | Not for loan | Collection code | Permanent Location | Current Location | Shelving location | Date acquired | Source of acquisition | Cost, normal purchase price | Total Checkouts | Full call number | Date last seen | Copy number | Koha item type |
|---|---|---|---|---|---|---|---|---|---|---|---|---|---|---|---|
| Dewey Decimal Classification | Non-fiction | Central Library, University of Rajshahi | Central Library, University of Rajshahi | 10/04/1965 | Zeitlinger | 56.00 | 516.35 HIN 1962 | 07/09/2016 | C-2 | Books |